[Event "Merida Yucatan-ch"]
[Site "Merida"]
[Date "2023.05.21"]
[Round "5"]
[White "Colli Lopez, Samuel Santiago"]
[Black "Munoz Villarino, Samuel"]
[Result "1/2-1/2"]
[WhiteElo "2001"]
[BlackElo "2068"]
[PlyCount "80"]
[EventDate "2023.05.19"]
[EventType "tourn"]
[EventRounds "5"]
[EventCountry "MEX"]
[SourceTitle "EXT 2024"]
[Source "ChessBase"]
[SourceDate "2023.10.10"]
[SourceVersion "1"]
[SourceVersionDate "2023.10.10"]
[SourceQuality "1"]

1. d4 Nf6 2. c4 e6 3. Nf3 d5 4. Nc3 Be7 5. Bg5 Nbd7 6. e3 h6 7. Bh4 0-0 8. cxd5 exd5 9. Qc2 c6 10. Bd3 Re8 11. 0-0 Ne4 12. Bxe7 Qxe7 13. Rae1 Nf8 14. Nd2 Bf5 15. Bxe4 Bxe4 16. Ncxe4 dxe4 17. a3 Rad8 18. b4 Rd5 19. f3 exf3 20. Nxf3 a5 21. e4 Rb5 22. Ne5 f6 23. Qc4+ Qe6 24. d5 Qxe5 25. Rf5 Qxf5 26. exf5 Rxe1+ 27. Kf2 Rxd5 28. Kxe1 axb4 29. axb4 Kh7 30. g4 Nd7 31. Kf2 Ne5 32. Qe4 Rd2+ 33. Kg3 Rd3+ 34. Kg2 Rc3 35. h3 Rc4 36. Qb1 b5 37. Qb3 Rd4 38. Qc3 Rc4 39. Qb3 Kg8 40. Qa3 Kh7 1/2-1/2